[Event "IECC Swiss email"]
[Site "IECC email"]
[Date "1998.11.16"]
[Round "?"]
[White "Phillips, Raymond"]
[Black "Gerke, Hartmut"]
[Result "0-1"]
[WhiteElo "1327"]
[BlackElo "1613"]
[PlyCount "52"]
[EventDate "1998.??.??"]
[EventType "tourn (corr)"]
[EventRounds "6"]
[SourceTitle "Corr 2008"]
[Source "ChessBase"]
[SourceDate "2008.06.24"]
[SourceVersion "1"]
[SourceVersionDate "2008.06.24"]
[SourceQuality "1"]

1. e4 c6 2. Nf3 d5 3. exd5 cxd5 4. d4 e5 5. Nxe5 Nd7 6. Bb5 Ngf6 7. 0-0 Be7 8. Re1 0-0 9. Nxd7 Bxd7 10. Bxd7 Qxd7 11. Bg5 Rfe8 12. Bxf6 Bxf6 13. Rxe8+ Rxe8 14. c3 Qb5 15. b4 Qc4 16. Nd2 Qxc3 17. Nf3 Qxb4 18. Qb3 Qc4 19. Qxc4 dxc4 20. Re1 Rxe1+ 21. Nxe1 Bxd4 22. Nc2 Bc5 23. Kf1 b5 24. a3 a5 25. Ke1 b4 26. axb4 axb4 0-1

[Event "IECC M email"]
[Site "IECC email"]
[Date "1998.11.08"]
[Round "?"]
[White "White, Gary"]
[Black "Gerke, Hartmut"]
[Result "0-1"]
[WhiteElo "1330"]
[BlackElo "1608"]
[PlyCount "52"]
[EventDate "1998.??.??"]
[EventType "tourn (corr)"]
[EventRounds "12"]
[SourceTitle "Corr 2008"]
[Source "ChessBase"]
[SourceDate "2008.06.24"]
[SourceVersion "1"]
[SourceVersionDate "2008.06.24"]
[SourceQuality "1"]

1. e4 c5 2. Nf3 e6 3. Nc3 Nc6 4. d4 cxd4 5. Nxd4 d6 6. Bb5 Bd7 7. Be3 Be7 8. Nxc6 Bxc6 9. Ba4 Bxa4 10. Nxa4 Qa5+ 11. Nc3 Bf6 12. 0-0 Bxc3 13. bxc3 Nf6 14. Qxd6 Nxe4 15. Qb4 Qxb4 16. cxb4 Nc3 17. Rfe1 0-0 18. Bd4 Rfc8 19. Bxc3 Rxc3 20. Re2 Rac8 21. a4 Kf8 22. Rc1 R8c4 23. Re3 Rxe3 24. fxe3 Rxb4 25. Ra1 Rb2 26. Ra3 Rxc2 0-1

[Event "IECC Trio 640 email"]
[Site "IECC email"]
[Date "1998.11.07"]
[Round "?"]
[White "Gerke, Hartmut"]
[Black "Bowen, Tony"]
[Result "1-0"]
[WhiteElo "1653"]
[BlackElo "1415"]
[PlyCount "83"]
[EventDate "1998.??.??"]
[EventType "tourn (corr)"]
[EventRounds "4"]
[SourceTitle "Corr 2008"]
[Source "ChessBase"]
[SourceDate "2008.06.24"]
[SourceVersion "1"]
[SourceVersionDate "2008.06.24"]
[SourceQuality "1"]

1. d4 Nf6 2. c4 e6 3. Nf3 b6 4. Nc3 Bb7 5. a3 a5 6. Bg5 Be7 7. e3 0-0 8. Bd3 c5 9. Bc2 cxd4 10. exd4 d5 11. cxd5 Nxd5 12. Bxe7 Qxe7 13. 0-0 Nd7 14. Nxd5 Bxd5 15. Qd3 Nf6 16. Rfe1 Bxf3 17. Qxf3 Qd6 18. Rad1 Rac8 19. Qe2 Rfd8 20. Bb3 Qd7 21. Bc4 Nd5 22. Ba6 Rc7 23. Bb5 Qd6 24. Qe5 Ne7 25. a4 h6 26. b3 Nf5 27. Rd3 Rc2 28. Red1 Rb2 29. Qxd6 Nxd6 30. Bc6 Rc8 31. d5 exd5 32. Bxd5 Kf8 33. h3 Rcc2 34. Bf3 Nf5 35. g4 Nh4 36. Rd8+ Ke7 37. R1d7+ Kf6 38. Bd5 Rd2 39. Rxf7+ Ke5 40. Re7+ Kd4 41. Rxg7 Rxf2 42. Rc7 1-0